| 000 | 01395cab a2200277 4500 | ||
|---|---|---|---|
| 001 | ABS68405 | ||
| 008 | 041118n2004 000 0 eng u | ||
| 035 | _a(Sirsi) u128042 | ||
| 100 | _aGoodall, B. | ||
| 245 | _aHeritage property, tourism and the UK Disability Discrimination Act | ||
| 260 | _c2004 | ||
| 490 |
_aProperty Management _v22(5) 2004, 345-357(13) |
||
| 520 | _aDiscusses how historic environments can enjoy considerable legislative protection from adverse change, whilst balancing conservation with public access for all. This forms the basis of recent research which assesses how the Disability Discrimination Act 1995 has changed the legal obligations of owners/operators in managing access to listed buildings in tourism use. It also examines the key stakeholders and power structures in the management of historic buildings and distinguishes other important players in the management process. (Taken from article abstract). | ||
| 590 | _aABS | ||
| 650 | _aDISABILITY DISCRIMINATION ACT 1995 | ||
| 650 | _aMANAGEMENT-BUSINESS MANAGEMENT-DISCRIMINATION-DISABILITY DISCRIMINATION-ACCESSIBILITY | ||
| 650 | _aLISTED BUILDINGS | ||
| 650 | _aHISTORIC BUILDINGS | ||
| 650 | _aTOURISM | ||
| 650 | _aSCHEDULED MONUMENTS | ||
| 690 | _aBUILT ENVIRONMENT-CONSTRUCTION DESIGN | ||
| 700 | _aPottinger, G. | ||
| 700 | _aDixon, T. | ||
| 700 | _aRussell, H. | ||
| 942 | _n0 | ||
| 999 |
_c74608 _d74608 |
||